000 00268nam a2200109Ia 4500
005 20251222143235.0
008 251222s9999||||xx |||||||||||||| ||spa||
082 _a353.795.85/I59/2004
245 0 _aInforme Científico Tecnológico 2004
264 _bIPEN
942 _cLIB
999 _c14338
_d14338